Quizz Naruto - Statistiques

Statistiques générales
  • Ce quiz a été pris 2 972 fois
  • Le résultat moyen est 3 sur 7
Statistiques - réponses
Hint Réponse % Correct
7 Naruto
82%
1 Hashirama
43%
6 Kakashi
41%
2 Tobirama
40%
5 Tsunade
38%
4 Minato
37%
3 Hiruzen
29%
Aucun quiz correspondant
Distribution des résultats
% des personnes avec chaque résultat
Percentile par nombre de réponses
Votre historique - résultats
Vous n’avez pas pris ce quiz